000
00296nam a22001337a 4500
008
230328b ||||| |||| 00| 0 eng d
041
_a
eng
080
_a
573
082
_a
573HAA
100
_a
16
101
_a
EGZAM
245
_a
STATISTICAL METHODS IN HYDROLOGY
_c
HAAN.T.CH
942
_2
udc
_c
BK
999
_c
59469
_d
59469